Yüklüyor......
Understanding Brecht
| Yazar: | |
|---|---|
| Materyal Türü: | Printed Book |
| Baskı/Yayın Bilgisi: |
London
Verso
1998
|
| Konular: |
| LEADER | 00496cam a2200157ua 4500 | ||
|---|---|---|---|
| 020 | |a 1859848141 | ||
| 082 | |a 842.912 09 |b BEN/U | ||
| 100 | |a Benjamin,Walter | ||
| 245 | 1 | 0 | |a Understanding Brecht |
| 260 | |a London |b Verso |c 1998 | ||
| 300 | |a xix,124p. | ||
| 650 | |a French literature | ||
| 650 | 0 | |a French drama- History and criticism | |
| 942 | |c BK | ||
| 999 | |c 2054 |d 2054 | ||
| 952 | |0 0 |1 0 |4 0 |6 842_912000000000000_09_BENU |7 0 |9 2141 |a KUCL |b KUCL |d 2014-05-23 |l 2 |m 2 |o 842.912 09 BEN/U |p 05179 |r 2020-10-05 |s 2020-08-12 |y BK | ||